<?xml version="1.0" encoding="UTF-8"?><?xml-stylesheet type="text/xsl" href="static/style.xsl"?><OAI-PMH xmlns="http://www.openarchives.org/OAI/2.0/" xmlns:xsi="http://www.w3.org/2001/XMLSchema-instance" xsi:schemaLocation="http://www.openarchives.org/OAI/2.0/ http://www.openarchives.org/OAI/2.0/OAI-PMH.xsd"><responseDate>2026-04-19T03:39:02Z</responseDate><request verb="GetRecord" identifier="oai:riubu.ubu.es:10259/9714" metadataPrefix="marc">https://riubu.ubu.es/oai/request</request><GetRecord><record><header><identifier>oai:riubu.ubu.es:10259/9714</identifier><datestamp>2024-11-22T13:49:12Z</datestamp><setSpec>com_10259_4393</setSpec><setSpec>com_10259_5086</setSpec><setSpec>com_10259_2604</setSpec><setSpec>col_10259_9655</setSpec></header><metadata><record xmlns="http://www.loc.gov/MARC21/slim" xmlns:doc="http://www.lyncode.com/xoai" xmlns:xsi="http://www.w3.org/2001/XMLSchema-instance" xmlns:dcterms="http://purl.org/dc/terms/" xsi:schemaLocation="http://www.loc.gov/MARC21/slim http://www.loc.gov/standards/marcxml/schema/MARC21slim.xsd">
<leader>00925njm 22002777a 4500</leader>
<datafield tag="042" ind1=" " ind2=" ">
<subfield code="a">dc</subfield>
</datafield>
<datafield tag="720" ind1=" " ind2=" ">
<subfield code="a">Alonso Tristán, Cristina</subfield>
<subfield code="e">author</subfield>
</datafield>
<datafield tag="720" ind1=" " ind2=" ">
<subfield code="a">González López, Juan Antonio</subfield>
<subfield code="e">author</subfield>
</datafield>
<datafield tag="720" ind1=" " ind2=" ">
<subfield code="a">García de la Fuente, Isaías</subfield>
<subfield code="e">author</subfield>
</datafield>
<datafield tag="720" ind1=" " ind2=" ">
<subfield code="a">Saiz, Felipe</subfield>
<subfield code="e">author</subfield>
</datafield>
<datafield tag="720" ind1=" " ind2=" ">
<subfield code="a">Hevia de los Mozos, Fernando</subfield>
<subfield code="e">author</subfield>
</datafield>
<datafield tag="260" ind1=" " ind2=" ">
<subfield code="c">2022</subfield>
</datafield>
<datafield tag="520" ind1=" " ind2=" ">
<subfield code="a">A liquid mixture is more complex the greater the number of interactions that originate between the different active groups (functional groups): significant parts that constitute the characteristic links of the chain of each type of molecules. The determination of the liquid-liquid equilibrium (LLE) of binary mixtures is a way of approaching the study of molecular interactions. Thermodynamic stability analysis indicates that a liquid mixture separates into two liquid phases if doing so can decrease its Gibbs energy. This phenomenon is important in many separation processes such as extraction and extractive distillation. The partial miscibility is a manifestation of the non-ideal behavior of liquids and its prediction is a test for the theories of dissolutions.</subfield>
</datafield>
<datafield tag="024" ind2=" " ind1="8">
<subfield code="a">978-84-09-42477-1</subfield>
</datafield>
<datafield tag="024" ind2=" " ind1="8">
<subfield code="a">http://hdl.handle.net/10259/9714</subfield>
</datafield>
<datafield ind1=" " ind2=" " tag="653">
<subfield code="a">LLE</subfield>
</datafield>
<datafield ind1=" " ind2=" " tag="653">
<subfield code="a">Intermolecular forces</subfield>
</datafield>
<datafield ind1=" " ind2=" " tag="653">
<subfield code="a">Proximity effects</subfield>
</datafield>
<datafield tag="245" ind1="0" ind2="0">
<subfield code="a">LLE of binary mixtures 3-phenyl-1-propanol + alkanes</subfield>
</datafield>
</record></metadata></record></GetRecord></OAI-PMH>